000 01422nam2a22002771 4500
001 rc\4456583
005 20250611175738.0
021 _aRU
_b67-РК-1120/12,17
021 _aRU
_bРг4277-67
035 _a(NLR Aleph) 008321895
090 _a8762243
_c8762243
100 _a20130416d1965 |||y0rusy50 ca
101 0 _arus
102 _aRU
105 _ay z |||||
200 1 _aСибирь в составе феодальной России
_fРедколлегия: В.И. Шунков (отв. ред.) [и др.]
_gГл. редколлегия: А.П. Окладников (гл. ред.)] [и др.]. Раздел 2
210 _aМосква
_d1965
215 _a391 с.
461 0 _1001rc\4456580
_12001#$a[История Сибири]$eМакет$e[В 5 т.]$eТ. 1-$fАкад. наук СССР. Сиб. отд-ние. Отд. гуманитарных исследований Ин-та экономики$vТ. 2
_98762228
_cУлан-Удэ
_d1964
_fАкад. наук СССР. Сиб. отд-ние. Отд. гуманитарных исследований Ин-та экономики
_nБ. и.
_oМакет : [В 5 т.] : Т. 1-
_t[История Сибири]
_vТ. 2
702 1 _aШунков
_bВ.И.
_4340
702 1 _aОкладников
_bА.П.
_gАлексей Павлович
_4340
801 0 _aRU
_bNLR
_gpsbo
801 1 _aRU
_bELAR
_2rusmarc
852 _aNLR
_j65-7/1142
942 _cBOOK
980 _aNB